[Event "Kings Head International I"]
[Site "London, Bayswater"]
[Date "1982.01.31"]
[Round "1"]
[White "Formanek, Edward W"]
[Black "Basman, Michael John"]
[Result "1-0"]
[WhiteElo "2330"]
[BlackElo "2400"]
[PlyCount "84"]
[EventDate "1982.01.31"]
[EventType "tourn"]
[EventRounds "9"]
[EventCountry "ENG"]
[EventCategory "4"]

1. e4 e6 2. d4 a6 3. c4 b5 4. cxb5 axb5 5. Bxb5 Bb7 6. f3 Qh4+ 7. g3 Qh5 8. Bf1
Nc6 9. Nc3 Bb4 10. Bg2 f5 11. e5 Na5 12. Nh3 Ba6 13. Kf2 Ne7 14. Nf4 Qf7 15.
Nd3 Bxc3 16. bxc3 Bxd3 17. Qxd3 Nb3 18. f4 c6 19. Rb1 Rxa2+ 20. Bb2 O-O 21.
Rhf1 Rb8 22. Kg1 Qe8 23. c4 Qc8 24. Bf3 Qa6 25. Bc1 Qa4 26. Bd1 Nxc1 27. Rxb8+
Kf7 28. Qe3 Qxc4 29. Bh5+ g6 30. Rxc1 Nd5 31. Rxc4 Nxe3 32. Rc3 Nd5 33. Rcb3
gxh5 34. R3b7 Ra1+ 35. Kf2 Ra2+ 36. Kg1 Ra1+ 37. Kf2 Ra2+ 38. Ke1 Ke7 39. Rh8
Ra1+ 40. Kd2 Ra2+ 41. Kc1 Nc3 42. Rxh7+ Kd8 1-0

[Event "Kings Head International I"]
[Site "London, Bayswater"]
[Date "1982.01.31"]
[Round "1"]
[White "Goodman, David SC"]
[Black "Tisdall, Jonathan D"]
[Result "1/2-1/2"]
[WhiteElo "2345"]
[BlackElo "2410"]
[PlyCount "36"]
[EventDate "1982.01.31"]
[EventType "tourn"]
[EventRounds "9"]
[EventCountry "ENG"]
[EventCategory "4"]

1. d4 Nf6 2. c4 e6 3. Nf3 c5 4. e3 cxd4 5. exd4 d5 6. Nc3 Be7 7. cxd5 Nxd5 8.
Bd3 O-O 9. O-O Nc6 10. Re1 Nf6 11. a3 b6 12. Bb1 Ba6 13. Ba2 Rc8 14. Qa4 Bb7
15. Bg5 a6 16. Rad1 b5 17. Qc2 Na5 18. Ne5 Bd5 1/2-1/2

[Event "Kings Head International I"]
[Site "London, Bayswater"]
[Date "1982.01.31"]
[Round "1"]
[White "Lancaster, Roger"]
[Black "Levitt, Jonathan"]
[Result "1/2-1/2"]
[WhiteElo "2200"]
[BlackElo "2295"]
[PlyCount "108"]
[EventDate "1982.01.31"]
[EventType "tourn"]
[EventRounds "9"]
[EventCountry "ENG"]
[EventCategory "4"]

1. e4 e6 2. d4 d5 3. Nd2 dxe4 4. Nxe4 Nf6 5. Nxf6+ Qxf6 6. Nf3 h6 7. Be3 Nc6 8.
Be2 Bd6 9. c4 Bb4+ 10. Kf1 Bd7 11. c5 e5 12. d5 Nd4 13. Nxd4 exd4 14. Qxd4 Qxd4
15. Bxd4 O-O 16. a3 Bd2 17. Be3 Bxe3 18. fxe3 Rfe8 19. Kf2 Re5 20. Bf3 Rae8 21.
Rhe1 Ba4 22. Rac1 Rd8 23. Rc3 f5 24. b3 Be8 25. Rd1 g5 26. d6 c6 27. Rd4 Bd7
28. b4 a6 29. g3 Kg7 30. a4 Ra8 31. Rd2 Kf6 32. Rb2 Ra7 33. Be2 Be8 34. Bd3 Ra8
35. Be2 Bd7 36. Bf3 Ra7 37. Rb1 Kg6 38. Bg2 Ra8 39. Rb2 Ra7 40. Rb1 Ra8 41. Rb2
Ra7 42. h4 Re8 43. hxg5 hxg5 44. Rb1 Rh8 45. Rcc1 Re8 46. Bf3 Raa8 47. Rh1 Red8
48. Rh2 Rh8 49. Rxh8 Rxh8 50. Bg2 Rb8 51. a5 Rh8 52. Re1 Rf8 53. Bf3 Be6 54.
Kg2 g4 1/2-1/2

[Event "Kings Head International I"]
[Site "London, Bayswater"]
[Date "1982.01.31"]
[Round "1"]
[White "Rumens, David Edward"]
[Black "Laird, Craig"]
[Result "0-1"]
[WhiteElo "2320"]
[BlackElo "2340"]
[PlyCount "84"]
[EventDate "1982.01.31"]
[EventType "tourn"]
[EventRounds "9"]
[EventCountry "ENG"]
[EventCategory "4"]

1. e4 e5 2. Nf3 Nc6 3. Bb5 Nf6 4. O-O Nxe4 5. Re1 Nd6 6. Nxe5 Be7 7. Bd3 O-O 8.
Qh5 h6 9. Ng4 Bg5 10. h4 Bf4 11. g3 f5 12. Nh2 Be5 13. Nc3 Qe8 14. Qxe8 Nxe8
15. Nf3 d6 16. Bb5 Nf6 17. Nxe5 Nxe5 18. Be2 Re8 19. Rd1 Nc6 20. d4 Nb4 21. Rd2
f4 22. a3 Nbd5 23. Nxd5 Nxd5 24. Bf3 c6 25. Rd1 fxg3 26. fxg3 Bf5 27. Bxd5+
cxd5 28. Bf4 Re2 29. Rd2 Rae8 30. Rf1 Bxc2 31. Rxe2 Rxe2 32. Rf2 Re1+ 33. Rf1
Re4 34. Bxd6 Rxd4 35. Rf8+ Kh7 36. Rf7 Re4 37. Rxb7 d4 38. Rb4 a5 39. Rc4 Bb3
40. Rc7 d3 41. Bf4 Rxf4 42. gxf4 d2 0-1

[Event "Kings Head International I"]
[Site "London, Bayswater"]
[Date "1982.01.31"]
[Round "1"]
[White "Schiller, Eric"]
[Black "Whiteley, Andrew J"]
[Result "1/2-1/2"]
[WhiteElo "2230"]
[BlackElo "2390"]
[PlyCount "79"]
[EventDate "1982.01.31"]
[EventType "tourn"]
[EventRounds "9"]
[EventCountry "ENG"]
[EventCategory "4"]

1. d4 Nf6 2. c4 g6 3. Nf3 Bg7 4. g3 O-O 5. Bg2 d5 6. cxd5 Nxd5 7. O-O Nc6 8. b3
Nb6 9. Bb2 a5 10. Qd2 a4 11. Rc1 axb3 12. axb3 Rxa1 13. Bxa1 Be6 14. e4 Bxb3
15. Qe3 Ba4 16. Na3 e6 17. Bf1 Qd7 18. Nc4 Nxc4 19. Bxc4 Na5 20. Ba2 Ra8 21. d5
exd5 22. Bxg7 Kxg7 23. exd5 Kg8 24. Qc3 Qf5 25. Ne5 Be8 26. Bb1 Qf6 27. Qxc7
Nb3 28. Re1 Qd8 29. Qc3 Qa5 30. Qxa5 Nxa5 31. d6 Nc6 32. Nc4 Bd7 33. Nb6 Rd8
34. Be4 Be6 35. Rd1 Kg7 36. d7 Kf6 37. Bxc6 bxc6 38. Rd6 c5 39. f4 Ke7 40. Rc6
1/2-1/2

[Event "Kings Head International I"]
[Site "London, Bayswater"]
[Date "1982.01.31"]
[Round "2"]
[White "Laird, Craig"]
[Black "Lancaster, Roger"]
[Result "1-0"]
[WhiteElo "2340"]
[BlackElo "2200"]
[PlyCount "81"]
[EventDate "1982.01.31"]
[EventType "tourn"]
[EventRounds "9"]
[EventCountry "ENG"]
[EventCategory "4"]

1. Nf3 d5 2. g3 c5 3. Bg2 Nc6 4. d4 Nf6 5. O-O e6 6. c4 cxd4 7. Nxd4 Be7 8. Nc3
O-O 9. cxd5 exd5 10. Be3 Re8 11. Rc1 Be6 12. Nxc6 bxc6 13. Na4 Qd7 14. Qc2 Bf5
15. Nc5 Bxc5 16. Qxc5 Rec8 17. Rfd1 Ne4 18. Qd4 Qe6 19. Bf4 h6 20. Qe5 Qxe5 21.
Bxe5 f6 22. Bf4 Kf7 23. Rd4 g5 24. f3 gxf4 25. fxe4 dxe4 26. gxf4 Rd8 27. Rcd1
Rxd4 28. Rxd4 e3 29. Bxc6 Rg8+ 30. Kh1 Rc8 31. Bd5+ Ke7 32. Bc4 Be6 33. b3 Bxc4
34. Rxc4 Rxc4 35. bxc4 Kd6 36. Kg2 Kc5 37. Kf3 Kxc4 38. Kxe3 Kb4 39. Kd3 Ka3
40. e4 Kxa2 41. e5 1-0

[Event "Kings Head International I"]
[Site "London, Bayswater"]
[Date "1982.01.31"]
[Round "2"]
[White "Levitt, Jonathan"]
[Black "Goodman, David SC"]
[Result "1-0"]
[WhiteElo "2295"]
[BlackElo "2345"]
[PlyCount "143"]
[EventDate "1982.01.31"]
[EventType "tourn"]
[EventRounds "9"]
[EventCountry "ENG"]
[EventCategory "4"]

1. d4 g6 2. c4 Bg7 3. Nc3 d6 4. Nf3 Nf6 5. g3 O-O 6. Bg2 Bg4 7. Qb3 Qc8 8. Ne5
c6 9. Nxg4 Nxg4 10. h3 Nf6 11. e4 e5 12. Be3 Ng4 13. hxg4 exd4 14. Bh6 Bxh6 15.
Rxh6 dxc3 16. O-O-O Qxg4 17. Rdh1 Qg5+ 18. Kb1 Qd2 19. Rxh7 Nd7 20. Rh8+ Kg7
21. R8h7+ Kf6 22. Rd1 Qxb2+ 23. Qxb2 cxb2 24. Rxd6+ Ke7 25. Rd2 Rfd8 26. Rh1
Nc5 27. Rhd1 Rxd2 28. Rxd2 Na4 29. e5 Rh8 30. f4 Ke6 31. Rd6+ Kf5 32. Bf3 Nc3+
33. Kxb2 Ne4 34. Bxe4+ Kxe4 35. Rd7 Rf8 36. Rxb7 Kf3 37. Rb3+ Kg4 38. Re3 Re8
39. Kc3 c5 40. Rd3 Re7 41. Kd2 Rb7 42. Ke3 Kxg3 43. Rd5 Rc7 44. Ke4 Kg4 45. Rd1
Kg3 46. f5 gxf5+ 47. Kxf5 Kf3 48. Rd3+ Ke2 49. Rh3 Re7 50. Rg3 Kd2 51. Rg5 Re6
52. Rg7 Re7 53. Rg5 Re6 54. Rg3 Re7 55. Ra3 Kc2 56. Rf3 Kb2 57. a4 a5 58. Re3
Kc2 59. Kf6 Rb7 60. Rg3 Rd7 61. Rg7 Rd4 62. Rxf7 Rxc4 63. e6 Kb3 64. Ke5 Rc3
65. Rf4 Re3+ 66. Re4 Rh3 67. e7 Rh8 68. Kd5 Rc8 69. e8=Q Rxe8 70. Rxe8 Kxa4 71.
Rb8 Ka3 72. Kc4 1-0

[Event "Kings Head International I"]
[Site "London, Bayswater"]
[Date "1982.01.31"]
[Round "2"]
[White "Schiller, Eric"]
[Black "Formanek, Edward W"]
[Result "1/2-1/2"]
[WhiteElo "2230"]
[BlackElo "2330"]
[PlyCount "51"]
[EventDate "1982.01.31"]
[EventType "tourn"]
[EventRounds "9"]
[EventCountry "ENG"]
[EventCategory "4"]

1. d4 d5 2. c4 dxc4 3. e4 Nf6 4. Nc3 e5 5. d5 c6 6. Bg5 Bb4 7. dxc6 Bxc3+ 8.
bxc3 Qxd1+ 9. Rxd1 Nxc6 10. Bxf6 gxf6 11. Bxc4 Na5 12. Bb5+ Ke7 13. Ne2 Be6 14.
f4 a6 15. Bd3 Rhg8 16. fxe5 fxe5 17. Ng3 Rac8 18. Rc1 Rc5 19. O-O Rgc8 20. Rcd1
Rd8 21. Nf5+ Bxf5 22. Rxf5 Nc6 23. Be2 Rxd1+ 24. Bxd1 Na5 25. Kf2 b5 26. Rh5
1/2-1/2

[Event "Kings Head International I"]
[Site "London, Bayswater"]
[Date "1982.01.31"]
[Round "2"]
[White "Whiteley, Andrew J"]
[Black "Tisdall, Jonathan D"]
[Result "1/2-1/2"]
[WhiteElo "2390"]
[BlackElo "2410"]
[PlyCount "29"]
[EventDate "1982.01.31"]
[EventType "tourn"]
[EventRounds "9"]
[EventCountry "ENG"]
[EventCategory "4"]

1. d4 Nf6 2. c4 e6 3. Nf3 d5 4. Nc3 Be7 5. cxd5 exd5 6. Bg5 c6 7. Qc2 Nbd7 8.
e3 Nf8 9. Bd3 Ne6 10. Bh4 g6 11. Rb1 Ng7 12. b4 a6 13. a4 Bf5 14. Bxf6 Bxf6 15.
b5 1/2-1/2

[Event "Kings Head International I"]
[Site "London, Bayswater"]
[Date "1982.02.01"]
[Round "3"]
[White "Formanek, Edward W"]
[Black "Whiteley, Andrew J"]
[Result "1/2-1/2"]
[WhiteElo "2330"]
[BlackElo "2390"]
[PlyCount "75"]
[EventDate "1982.01.31"]
[EventType "tourn"]
[EventRounds "9"]
[EventCountry "ENG"]
[EventCategory "4"]

1. e4 e6 2. d4 d5 3. Nd2 Nf6 4. e5 Nfd7 5. f4 c5 6. c3 Nc6 7. Ndf3 cxd4 8. cxd4
h5 9. Bd3 Nb6 10. Ne2 Bd7 11. O-O Be7 12. b3 g6 13. Bb2 Kf8 14. Rc1 Nb4 15. Bb1
Bb5 16. a3 Nc6 17. Rf2 Bxe2 18. Rxe2 a5 19. a4 Kg7 20. g3 Qf8 21. Qd3 Ba3 22.
Ng5 Rh6 23. Qb5 Bxb2 24. Rxb2 Qb4 25. Qxb4 axb4 26. Kf2 Rhh8 27. Bd3 Rhc8 28.
Rbc2 Nd8 29. Bb5 Rxc2+ 30. Rxc2 Rc8 31. Rc5 Rxc5 32. dxc5 Nc8 33. Nf3 Na7 34.
Nd4 Kf8 35. h3 Ke7 36. g4 hxg4 37. hxg4 Ndc6 38. Bxc6 1/2-1/2

[Event "Kings Head International I"]
[Site "London, Bayswater"]
[Date "1982.02.01"]
[Round "3"]
[White "Goodman, David SC"]
[Black "Laird, Craig"]
[Result "1-0"]
[WhiteElo "2345"]
[BlackElo "2340"]
[PlyCount "85"]
[EventDate "1982.01.31"]
[EventType "tourn"]
[EventRounds "9"]
[EventCountry "ENG"]
[EventCategory "4"]

1. d4 Nf6 2. c4 c6 3. Nf3 d5 4. Nc3 g6 5. cxd5 cxd5 6. Bf4 Bg7 7. Bxb8 Rxb8 8.
Qa4+ Bd7 9. Qxa7 O-O 10. e3 b5 11. Bd3 b4 12. Ne2 Bg4 13. Ne5 Ra8 14. Qb7 Rb8
15. Qa6 Rb6 16. Qa5 Bf5 17. O-O Ne4 18. Rfc1 Qd6 19. f3 Nf6 20. Bxf5 gxf5 21.
Qc5 Bh6 22. Kf2 Re8 23. Nf4 Bxf4 24. exf4 Qe6 25. Qc7 Rbb8 26. Nc6 Rbc8 27.
Nxe7+ Kh8 28. Nxc8 Qe3+ 29. Kf1 Ne4 30. fxe4 Rxe4 31. Qe5+ Rxe5 32. fxe5 f4 33.
Re1 Qxd4 34. Nd6 Kg7 35. Re2 Qd3 36. Rae1 Kf8 37. Kf2 h5 38. b3 h4 39. Rc1 h3
40. gxh3 f3 41. Rc8+ Kg7 42. Re3 Qd2+ 43. Kxf3 1-0

[Event "Kings Head International I"]
[Site "London, Bayswater"]
[Date "1982.02.01"]
[Round "3"]
[White "Lancaster, Roger"]
[Black "Basman, Michael John"]
[Result "0-1"]
[WhiteElo "2200"]
[BlackElo "2400"]
[PlyCount "78"]
[EventDate "1982.01.31"]
[EventType "tourn"]
[EventRounds "9"]
[EventCountry "ENG"]
[EventCategory "4"]

1. e4 g5 2. d4 h6 3. c4 Bg7 4. Nc3 c5 5. Nge2 Nc6 6. Be3 b6 7. d5 Ne5 8. Ng3
Ng6 9. Rc1 d6 10. Nh5 Be5 11. g3 Nf6 12. Nxf6+ Bxf6 13. Be2 Bh3 14. Rg1 Qd7 15.
Kd2 a6 16. f4 Rb8 17. a4 h5 18. b3 Bg4 19. fxg5 Bd4 20. h4 Ne5 21. Rf1 b5 22.
axb5 axb5 23. Bxd4 cxd4 24. Nxb5 d3 25. Bxg4 hxg4 26. Nd4 Qa7 27. Ke3 O-O 28.
Ra1 Qc5 29. h5 Rb7 30. Rb1 Rfb8 31. g6 fxg6 32. hxg6 Nxc4+ 33. bxc4 Rxb1 34.
Qxb1 Rxb1 35. Rxb1 d2 36. Kd3 Qa3+ 37. Kxd2 Qa2+ 38. Kc1 Qxc4+ 39. Nc2 Qxe4 {
time} 0-1

[Event "Kings Head International I"]
[Site "London, Bayswater"]
[Date "1982.02.01"]
[Round "3"]
[White "Rumens, David Edward"]
[Black "Schiller, Eric"]
[Result "0-1"]
[WhiteElo "2320"]
[BlackElo "2230"]
[PlyCount "84"]
[EventDate "1982.01.31"]
[EventType "tourn"]
[EventRounds "9"]
[EventCountry "ENG"]
[EventCategory "4"]

1. f4 e5 2. e4 Qh4+ 3. g3 Qe7 4. d3 d6 5. Nc3 c6 6. Nf3 h6 7. Be2 Bh3 8. Be3
Nf6 9. Qd2 Ng4 10. O-O-O Nxe3 11. Qxe3 Nd7 12. d4 Bg2 13. Rhe1 Bxf3 14. Bxf3 g6
15. dxe5 dxe5 16. Bg4 Nf6 17. Be2 h5 18. Kb1 Bh6 19. Bc4 Ng4 20. Qd2 exf4 21.
gxf4 Rd8 22. Qxd8+ Qxd8 23. Rxd8+ Kxd8 24. h3 Nh2 25. Bxf7 Bxf4 26. Bxg6 Nf3
27. Rd1+ Ke7 28. Ne2 Bg5 29. c3 Nd2+ 30. Kc2 Nc4 31. Kb3 Nd2+ 32. Kb4 b6 33. h4
Be3 34. c4 Kf6 35. Bf5 Rd8 36. Ng3 Ke5 37. Nf1 Bc5+ 38. Ka4 b5+ 39. cxb5 Rd4+
40. b4 Rxb4+ 41. Ka5 Rxb5+ 42. Ka4 Rb4+ 0-1

[Event "Kings Head International I"]
[Site "London, Bayswater"]
[Date "1982.02.01"]
[Round "3"]
[White "Tisdall, Jonathan D"]
[Black "Levitt, Jonathan"]
[Result "1-0"]
[WhiteElo "2410"]
[BlackElo "2295"]
[PlyCount "61"]
[EventDate "1982.01.31"]
[EventType "tourn"]
[EventRounds "9"]
[EventCountry "ENG"]
[EventCategory "4"]

1. d4 Nf6 2. c4 e6 3. Nf3 b6 4. g3 Bb7 5. Bg2 Be7 6. Nc3 Ne4 7. Bd2 Nxd2 8.
Qxd2 d6 9. O-O O-O 10. e4 Nd7 11. Rad1 c5 12. d5 e5 13. Ne1 a6 14. a4 Bf6 15.
Nd3 Qe7 16. Bh3 g6 17. Rde1 Rae8 18. Qd1 Bc8 19. f4 exf4 20. gxf4 Bd4+ 21. Kh1
Qh4 22. Qg4 Qh6 23. Qg3 Bf6 24. Re2 Bd4 25. Rfe1 f6 26. Be6+ Kh8 27. Rg2 Re7
28. Ne2 Nb8 29. Nxd4 cxd4 30. f5 Bxe6 31. fxe6 1-0

[Event "Kings Head International I"]
[Site "London, Bayswater"]
[Date "1982.02.02"]
[Round "4"]
[White "Basman, Michael John"]
[Black "Goodman, David SC"]
[Result "1-0"]
[WhiteElo "2400"]
[BlackElo "2345"]
[PlyCount "65"]
[EventDate "1982.01.31"]
[EventType "tourn"]
[EventRounds "9"]
[EventCountry "ENG"]
[EventCategory "4"]

1. e4 g6 2. d4 d6 3. Nc3 Bg7 4. h3 a6 5. Nf3 b5 6. a4 b4 7. Nd5 Bb7 8. h4 a5 9.
Bd3 c6 10. Nf4 Nd7 11. h5 e5 12. Ne2 exd4 13. Nexd4 Nc5 14. Bg5 Qb6 15. Qd2
Nxd3+ 16. Qxd3 Ba6 17. Qe3 c5 18. Nb5 Bxb5 19. axb5 Bxb2 20. Rd1 Bc3+ 21. Kf1
h6 22. hxg6 hxg5 23. gxf7+ Kxf7 24. Nxg5+ Kg6 25. Rxh8 Bxh8 26. Qg3 Be5 27. f4
Bd4 28. f5+ Kf6 29. Nh7+ Ke7 30. Rxd4 Re8 31. Rd3 Qxb5 32. Qxd6+ Kf7 33. Ng5+
1-0

[Event "Kings Head International I"]
[Site "London, Bayswater"]
[Date "1982.02.02"]
[Round "4"]
[White "Formanek, Edward W"]
[Black "Rumens, David Edward"]
[Result "1/2-1/2"]
[WhiteElo "2330"]
[BlackElo "2320"]
[PlyCount "83"]
[EventDate "1982.01.31"]
[EventType "tourn"]
[EventRounds "9"]
[EventCountry "ENG"]
[EventCategory "4"]

1. e4 e5 2. Nf3 Nc6 3. Bb5 a6 4. Ba4 Nf6 5. O-O Be7 6. Re1 b5 7. Bb3 O-O 8. d3
Bb7 9. Nc3 d6 10. Nd5 Na5 11. Nxe7+ Qxe7 12. Bg5 h6 13. Bh4 Nxb3 14. axb3 c5
15. Qd2 Qe6 16. Bxf6 Qxf6 17. h3 Rae8 18. Nh2 Qg6 19. Nf1 f5 20. f3 d5 21. exd5
Bxd5 22. Kh1 Bb7 23. Re2 e4 24. fxe4 fxe4 25. dxe4 Bxe4 26. Rae1 Kh7 27. Kh2 b4
28. Ng3 Bb7 29. Rxe8 Rxe8 30. Rxe8 Qxe8 31. Qd6 Qc6 32. Qd3+ Kh8 33. Qd8+ Kh7
34. Qd3+ Kg8 35. Qd8+ Kf7 36. Qd2 Qd5 37. Qf2+ Ke6 38. Qe2+ Kd6 39. Qf2 Qe5 40.
Qf7 Kc6 41. Qf5 Qxb2 42. Qe6+ 1/2-1/2

[Event "Kings Head International I"]
[Site "London, Bayswater"]
[Date "1982.02.02"]
[Round "4"]
[White "Laird, Craig"]
[Black "Tisdall, Jonathan D"]
[Result "1/2-1/2"]
[WhiteElo "2340"]
[BlackElo "2410"]
[PlyCount "33"]
[EventDate "1982.01.31"]
[EventType "tourn"]
[EventRounds "9"]
[EventCountry "ENG"]
[EventCategory "4"]

1. Nf3 Nf6 2. g3 g6 3. Bg2 Bg7 4. d4 O-O 5. O-O d5 6. c4 dxc4 7. Na3 Nc6 8.
Nxc4 Be6 9. b3 a5 10. Bb2 a4 11. Re1 Bd5 12. Ncd2 Ne4 13. bxa4 Nxd2 14. Qxd2
Bxf3 15. Bxf3 Nxd4 16. Bxd4 Qxd4 17. Qxd4 1/2-1/2

[Event "Kings Head International I"]
[Site "London, Bayswater"]
[Date "1982.02.02"]
[Round "4"]
[White "Schiller, Eric"]
[Black "Lancaster, Roger"]
[Result "0-1"]
[WhiteElo "2230"]
[BlackElo "2200"]
[PlyCount "64"]
[EventDate "1982.01.31"]
[EventType "tourn"]
[EventRounds "9"]
[EventCountry "ENG"]
[EventCategory "4"]

1. d4 g6 2. e4 d6 3. Nc3 c6 4. Bg5 Qa5 5. Qd2 f6 6. Be3 e5 7. dxe5 dxe5 8. Bc4
b5 9. Bb3 Nd7 10. Nge2 Bc5 11. Bxc5 Nxc5 12. Qd6 Qb6 13. Bxg8 Rxg8 14. Qxf6 b4
15. Qxe5+ Kf7 16. Nd1 Ba6 17. Ng3 Rae8 18. Qf4+ Kg7 19. Ne3 Rgf8 20. Qg4 b3 21.
axb3 Nd3+ 22. cxd3 Qb4+ 23. Kf1 Bxd3+ 24. Kg1 Qd2 25. Ngf5+ Rxf5 26. Nxf5+ Kh8
27. Qd1 Qxb2 28. Rxa7 gxf5 29. h4 Bxe4 30. Rh3 Rg8 31. Rg3 Rxg3 32. fxg3 Qxg2#
0-1

[Event "Kings Head International I"]
[Site "London, Bayswater"]
[Date "1982.02.02"]
[Round "4"]
[White "Whiteley, Andrew J"]
[Black "Levitt, Jonathan"]
[Result "1/2-1/2"]
[WhiteElo "2390"]
[BlackElo "2295"]
[PlyCount "66"]
[EventDate "1982.01.31"]
[EventType "tourn"]
[EventRounds "9"]
[EventCountry "ENG"]
[EventCategory "4"]

1. d4 Nf6 2. c4 d6 3. Nf3 g6 4. g3 Bg7 5. Bg2 O-O 6. O-O a6 7. Nc3 Nc6 8. h3
Rb8 9. e4 e5 10. Be3 Bd7 11. d5 Ne7 12. Ne1 Nh5 13. Nd3 f5 14. exf5 Nxf5 15.
Bd2 Nd4 16. Ne4 Qe7 17. c5 Bf5 18. Re1 Bxe4 19. cxd6 cxd6 20. Rxe4 Qf7 21. Bb4
Rbd8 22. Ba5 Rd7 23. h4 Kh8 24. Bc3 Nf6 25. Rxe5 Ng4 26. Bxd4 Nxe5 27. Nf4 Re8
28. Ne6 Bf6 29. Rc1 Rde7 30. Ng5 Qg7 31. Ne6 Qf7 32. Ng5 Qg7 33. Ne6 Qf7
1/2-1/2

[Event "Kings Head International I"]
[Site "London, Bayswater"]
[Date "1982.02.03"]
[Round "5"]
[White "Goodman, David SC"]
[Black "Schiller, Eric"]
[Result "1/2-1/2"]
[WhiteElo "2345"]
[BlackElo "2230"]
[PlyCount "36"]
[EventDate "1982.01.31"]
[EventType "tourn"]
[EventRounds "9"]
[EventCountry "ENG"]
[EventCategory "4"]

1. d4 d5 2. c4 Nc6 3. Nc3 Nf6 4. Nf3 dxc4 5. d5 Na5 6. Qa4+ c6 7. dxc6 Nxc6 8.
Ne5 Bd7 9. Nxd7 Nxd7 10. Qxc4 Nb6 11. Qe4 Qd4 12. Qc2 e6 13. Be3 Qe5 14. Bxb6
axb6 15. Rc1 Bc5 16. e3 O-O 17. Be2 Rfd8 18. a3 Ne7 1/2-1/2

[Event "Kings Head International I"]
[Site "London, Bayswater"]
[Date "1982.02.03"]
[Round "5"]
[White "Lancaster, Roger"]
[Black "Formanek, Edward W"]
[Result "0-1"]
[WhiteElo "2200"]
[BlackElo "2330"]
[PlyCount "66"]
[EventDate "1982.01.31"]
[EventType "tourn"]
[EventRounds "9"]
[EventCountry "ENG"]
[EventCategory "4"]

1. e4 e6 2. d4 d5 3. Nd2 Nc6 4. Ngf3 Nf6 5. e5 Nd7 6. c3 f6 7. Bb5 fxe5 8. dxe5
Be7 9. O-O O-O 10. Bxc6 bxc6 11. Nb3 a5 12. c4 Rxf3 13. gxf3 Nxe5 14. Nd4 c5
15. f4 cxd4 16. fxe5 dxc4 17. Qg4 Qd5 18. Qg2 Bb7 19. Qxd5 Bxd5 20. Rd1 Bc5 21.
Bd2 Kf7 22. Rdb1 Bb6 23. h3 a4 24. a3 Be4 25. Rc1 Bd3 26. Kh2 Rb8 27. Rg1 Ba7
28. Rg3 Rxb2 29. Rf3+ Bf5 30. Rd1 Rb3 31. Kg3 Bb6 32. h4 c3 33. Bc1 c5 0-1

[Event "Kings Head International I"]
[Site "London, Bayswater"]
[Date "1982.02.03"]
[Round "5"]
[White "Levitt, Jonathan"]
[Black "Laird, Craig"]
[Result "1-0"]
[WhiteElo "2295"]
[BlackElo "2340"]
[PlyCount "57"]
[EventDate "1982.01.31"]
[EventType "tourn"]
[EventRounds "9"]
[EventCountry "ENG"]
[EventCategory "4"]

1. d4 Nf6 2. c4 c6 3. Nc3 d6 4. Nf3 Bg4 5. e4 e5 6. Be2 Nbd7 7. Be3 Be7 8. h3
Bh5 9. Qc2 Qc7 10. g4 Bg6 11. Nh4 Nf8 12. O-O-O Ne6 13. Nf5 exd4 14. Bxd4 Bxf5
15. exf5 Nxd4 16. Rxd4 O-O-O 17. Rhd1 Kb8 18. Kb1 Rhe8 19. f4 h6 20. h4 Bf8 21.
Bf3 Re3 22. Qf2 Rde8 23. g5 Qb6 24. Na4 Qa5 25. gxf6 Qxa4 26. c5 Qb5 27. cxd6
Qxf5+ 28. Ka1 Qd7 29. Bg4 1-0

[Event "Kings Head International I"]
[Site "London, Bayswater"]
[Date "1982.02.03"]
[Round "5"]
[White "Rumens, David Edward"]
[Black "Whiteley, Andrew J"]
[Result "1/2-1/2"]
[WhiteElo "2320"]
[BlackElo "2390"]
[PlyCount "82"]
[EventDate "1982.01.31"]
[EventType "tourn"]
[EventRounds "9"]
[EventCountry "ENG"]
[EventCategory "4"]

1. e4 e6 2. d4 d5 3. e5 c5 4. Nf3 Nc6 5. Bd3 cxd4 6. O-O f6 7. Qe2 fxe5 8. Nxe5
Nxe5 9. Qxe5 Nf6 10. Bg5 Bd6 11. Qxd4 O-O 12. Nc3 h6 13. Bf4 Bxf4 14. Qxf4 Qb6
15. Qe5 Bd7 16. h3 Rac8 17. Rab1 a6 18. Rfe1 Qc7 19. Qd4 Qc5 20. Qh4 Qd6 21.
Rbd1 Bc6 22. Qd4 Rce8 23. Ne4 Nxe4 24. Bxe4 Kh8 25. Qd2 Rf6 26. c4 Ref8 27. Re2
Qc5 28. cxd5 exd5 29. b4 Qc4 30. Rc1 Qb5 31. Rc5 Qb6 32. Bxd5 Rd6 33. Re3 Rxd5
34. Rxd5 Bxd5 35. Qxd5 Qxb4 36. Re2 b5 37. Re4 Qb1+ 38. Kh2 Qc2 39. f4 Qc7 40.
Qd4 Rd8 41. Qe3 Rf8 1/2-1/2

[Event "Kings Head International I"]
[Site "London, Bayswater"]
[Date "1982.02.03"]
[Round "5"]
[White "Tisdall, Jonathan D"]
[Black "Basman, Michael John"]
[Result "1-0"]
[WhiteElo "2410"]
[BlackElo "2400"]
[PlyCount "77"]
[EventDate "1982.01.31"]
[EventType "tourn"]
[EventRounds "9"]
[EventCountry "ENG"]
[EventCategory "4"]

1. d4 b5 2. e4 Bb7 3. Bxb5 Bxe4 4. Nf3 Nf6 5. O-O e6 6. Re1 Be7 7. Bg5 Bb7 8.
c4 Ne4 9. Bxe7 Qxe7 10. d5 Nd6 11. Nc3 O-O 12. Qd4 Na6 13. Ba4 c6 14. Rad1 Rfd8
15. Bc2 Qf6 16. Ne5 Nb4 17. Bb1 a5 18. a3 Nxd5 19. cxd5 cxd5 20. Re3 Rab8 21.
Rf3 Qe7 22. Rg3 f5 23. Re3 Ba8 24. Re2 Rdc8 25. f3 Nc4 26. Nxc4 Rxc4 27. Nxd5
Bxd5 28. Qxd5 Qc5+ 29. Qxc5 Rxc5 30. Ba2 d5 31. Rxe6 Rxb2 32. Bxd5 Kf8 33. f4
Rb8 34. Bf3 Kf7 35. Ra6 Re8 36. h4 Re3 37. Ra7+ Re7 38. Rxe7+ Kxe7 39. Rd5 {
time} 1-0

[Event "Kings Head International I"]
[Site "London, Bayswater"]
[Date "1982.02.04"]
[Round "6"]
[White "Basman, Michael John"]
[Black "Levitt, Jonathan"]
[Result "1/2-1/2"]
[WhiteElo "2400"]
[BlackElo "2295"]
[PlyCount "36"]
[EventDate "1982.01.31"]
[EventType "tourn"]
[EventRounds "9"]
[EventCountry "ENG"]
[EventCategory "4"]

1. g4 d5 2. h3 e5 3. Bg2 c6 4. d4 e4 5. c4 f5 6. Nc3 dxc4 7. gxf5 Bxf5 8. Nxe4
Nf6 9. Ng3 Bg6 10. e4 Bd6 11. N1e2 O-O 12. O-O Nh5 13. f4 Qh4 14. Nxh5 Bxh5 15.
e5 Bc7 16. Qc2 Nd7 17. Qxc4+ Kh8 18. Nc3 g5 1/2-1/2